000 00628nam a2200217 a 4500
999 _c3878
_d3878
001 3878
003 BD-JhCC
005 20180402201444.0
008 171119s1987 bg a|||| |||| 00| 0 ben d
035 _a(BD-JhCC)3878
040 _aBD-JhCC
_dBD-JhCC
041 _aben
082 _a920
_bKAI 1987
100 _aকায়সার, আবু
245 _aযাদু সম্রাট পি সি সরকার /
_cআবু কায়সার
260 _aঢাকা :
_bমুক্তধারা,
_c1987.
300 _a54 p. :
_billu;
_c24 cm.
650 _aBiography
942 _2ddc
_cBK